Normal view MARC view
  • Washington, Jesse,

Entry Personal Name

Number of records used in: 0

001 - CONTROL NUMBER

  • control field: 306950

003 - CONTROL NUMBER IDENTIFIER

  • control field: KE-NaSUL

005 - DATE AND TIME OF LATEST TRANSACTION

  • control field: 20250827102508.0

008 - FIXED-LENGTH DATA ELEMENTS

  • fixed length control field: 250827|| aca||aabn | a|a d

040 ## - CATALOGING SOURCE

  • Original cataloging agency: KE-NaSUL
  • Transcribing agency: KE-NaSUL

100 ## - HEADING--PERSONAL NAME

  • Personal name: Washington, Jesse,
  • Dates associated with a name: d. 1916

670 ## - SOURCE DATA FOUND

  • Source citation: Work cat.: (KE-NaSUL)271247: Bernstein, Patricia, 1944- 306949, The first Waco Horror, c2005.

© Strathmore University Library
Madaraka Estate, Ole Sangale Road | P. O. Box 59857 - 00200 City Square, Nairobi, Kenya
(+254) (0)703 034 000/200/300 | (+254) (0)20-607498